| 000 | 01005nam a2200289 i 4500 | ||
|---|---|---|---|
| 001 | 196501 | ||
| 003 | ES-MaACL | ||
| 005 | 20241011205958.0 | ||
| 007 | ta | ||
| 008 | 111103s1992 sp | 00| 1|spa d | ||
| 035 | _aRebiun10269870 | ||
| 040 |
_aBRCM _bspa _cES-MaACL _dES-MaACL |
||
| 100 | 1 |
_aLahitte, Ana Emilia, _d1921-2013 _969639 _eaut |
|
| 245 | 1 | 3 |
_aLa sed y otros exilios / _cAna Emilia Lahitte |
| 260 |
_aBuenos Aires : _bHojas y Cuadernos de Sudestada, _c1992 |
||
| 300 |
_a[14] p. ; _c30 x 11 cm |
||
| 336 |
_2rdacontent _atexto |
||
| 337 |
_2rdamedia _asin mediación |
||
| 338 |
_2rdacarrier _avolumen |
||
| 655 | 7 |
_2tgfbne _9176539 _aPoesÃas |
|
| 852 |
_aES-MaACL _cDEPOF _jFOLL-BUE-10 _hLegado: Antonio Buero Vallejo _9204217 |
||
| 903 |
_932421 _aBuero Vallejo, Antonio, _q1 _d1916-2000 _ednr |
||
| 942 |
_n0 _cFOLLETOS |
||
| 999 |
_c196501 _d196501 |
||